<?xml version="1.0" encoding="UTF-8"?><?xml-stylesheet type="text/xsl" href="static/style.xsl"?><OAI-PMH xmlns="http://www.openarchives.org/OAI/2.0/" xmlns:xsi="http://www.w3.org/2001/XMLSchema-instance" xsi:schemaLocation="http://www.openarchives.org/OAI/2.0/ http://www.openarchives.org/OAI/2.0/OAI-PMH.xsd"><responseDate>2026-04-27T12:56:08Z</responseDate><request verb="GetRecord" identifier="oai:uvadoc.uva.es:10324/38341" metadataPrefix="marc">https://uvadoc.uva.es/oai/request</request><GetRecord><record><header><identifier>oai:uvadoc.uva.es:10324/38341</identifier><datestamp>2021-06-30T01:47:46Z</datestamp><setSpec>com_10324_38</setSpec><setSpec>col_10324_852</setSpec></header><metadata><record xmlns="http://www.loc.gov/MARC21/slim" xmlns:doc="http://www.lyncode.com/xoai" xmlns:xsi="http://www.w3.org/2001/XMLSchema-instance" xmlns:dcterms="http://purl.org/dc/terms/" xsi:schemaLocation="http://www.loc.gov/MARC21/slim http://www.loc.gov/standards/marcxml/schema/MARC21slim.xsd">
<leader>00925njm 22002777a 4500</leader>
<datafield tag="042" ind1=" " ind2=" ">
<subfield code="a">dc</subfield>
</datafield>
<datafield tag="720" ind1=" " ind2=" ">
<subfield code="a">Riestra Guerra, Sergio</subfield>
<subfield code="e">author</subfield>
</datafield>
<datafield tag="260" ind1=" " ind2=" ">
<subfield code="c">2019</subfield>
</datafield>
<datafield tag="520" ind1=" " ind2=" ">
<subfield code="a">Las viviendas flotantes en los últimos años se han convertido en una opción de crecimiento&#xd;
para muchas ciudades situadas a orillas de cuerpos de agua y que se están viendo afectadas&#xd;
por el aumento del nivel del mar. Analizando el caso de la ciudad de Ámsterdam en particular&#xd;
se conocerá cual ha sido la evolución de esta tipología desde su origen, como viviendas de bajos&#xd;
recursos, hasta el momento actual, donde se han convertido en una forma de vida muy valorada.&#xd;
En este proceso se observarán en profundidad los más recientes desarrollos urbánisticos que ya&#xd;
flotan en la bahía, el barrio de IJBurg (2010) y el barrio de Schoonschip (2020).</subfield>
</datafield>
<datafield tag="024" ind2=" " ind1="8">
<subfield code="a">http://uvadoc.uva.es/handle/10324/38341</subfield>
</datafield>
<datafield ind1=" " ind2=" " tag="653">
<subfield code="a">Agua y arquitectura</subfield>
</datafield>
<datafield ind1=" " ind2=" " tag="653">
<subfield code="a">Barrio de IJBurg (Amsterdam, Holanda)</subfield>
</datafield>
<datafield ind1=" " ind2=" " tag="653">
<subfield code="a">Barrio de Schoonschip (Amsterdam, Holanda)</subfield>
</datafield>
<datafield ind1=" " ind2=" " tag="653">
<subfield code="a">Viviendas - Holanda - Amsterdam</subfield>
</datafield>
<datafield ind1=" " ind2=" " tag="653">
<subfield code="a">Urbanismo - Holanda - Amsterdam</subfield>
</datafield>
<datafield tag="245" ind1="0" ind2="0">
<subfield code="a">Las casas flotantes en Flandes. Pasado, presente y futuro</subfield>
</datafield>
</record></metadata></record></GetRecord></OAI-PMH>